=LDR 00000nam 2200000 4500 =001 INLIS000000000036162 =005 20130612141950 =008 ***********************************Ind** =035 ##$$0010-061300000036162 =041 ##$$a Ind =082 ##$$a F Rom K =090 ##$$a F Rom K, Caz c =100 ##$$a Cazenove =245 ##$$a Casting rod, realita show, Caszenove ; alih bahasa, Yalie medikawati ; penynting, Febby Ismiyati =260 ##$$a 2010 $b Jakarta =300 ##$$a 30 hlm, ilus, 28 cm =650 ##$$a Fiksi Kartun =700 ##$$a Medikawati, Yulie =850 ##$$a NBPNMAT